| 000 | 00568cam a22002291 4500 | ||
|---|---|---|---|
| 001 | sa 63001362 | ||
| 003 | DLC | ||
| 005 | 20260227111927.0 | ||
| 008 | 890731s1962 ii 000 1 hino | ||
| 010 | _asa 63001362 | ||
| 035 | _a(OCoLC)20105996 | ||
| 040 |
_aDLC _cWaU _dDLC |
||
| 042 | _apremarc | ||
| 050 | 0 | 0 |
_aPK2098.S74 _bS5 |
| 100 | 1 | _aŚrīvāstava, Himāṃśu. | |
| 245 | 1 | 0 | _aSikandara. |
| 260 | _c[1962] | ||
| 300 |
_a332 p. _c19 cm. |
||
| 500 | _aIn Hindi. | ||
| 500 | _aA novel. | ||
| 600 | 0 | 0 |
_aAlexander, _cthe Great, _d356 B.C.-323 B.C. _vFiction. |
| 999 |
_c53926 _d53926 |
||